College Quizbowl Stats
College Quizbowl Stats
Circuits
Seasons
Sets
Records
Detailed Stats
About
Loading...
Eastern Canada (1)
Tossups
Bonuses
Players
Teams
Categories (Tossup)
Categories (Bonus)
Ana Torres
McGill C
Categories
Category
Powers
Gets
Negs
BBs
Points
Earliest Buzz
Avg. Buzz
First Buzzes
Top 3 Buzzes
BPA
PVF
Science - Other
0
2
0
0
20
49
58.00
0
2
0.00
0.00
Literature - World
0
1
0
0
10
17
17.00
1
1
0.00
0.00
Philosophy
0
1
0
1
10
78
78.00
0
0
0.00
0.00
Science - Physics
0
1
0
0
10
62
62.00
0
1
0.00
0.00
Buzzes
Category
Answer
Value
Buzz Position
Literature - World
One Hundred Years of Solitude
10
17
Science - Other
Carl Friedrich Gauss
10
49
Science - Physics
massive
10
62
Science - Other
integer factorization
10
67
Philosophy
sets
10
78
Previous
1
Next